[Event "Begonia op 58th"]
[Site "Ballarat"]
[Date "2024.03.10"]
[Round "3"]
[White "Cannon, David"]
[Black "Dai, Cheng"]
[Result "1/2-1/2"]
[WhiteElo "2185"]
[BlackElo "2013"]
[PlyCount "107"]
[EventDate "2024.03.09"]
[EventType "swiss"]
[EventRounds "7"]
[EventCountry "AUS"]
[SourceTitle "CB11_2024"]
[SourceDate "2024.03.13"]
[SourceVersion "1"]
[SourceVersionDate "2024.03.13"]
[SourceQuality "1"]

1. d4 Nf6 2. c4 e6 3. g3 Bb4+ 4. Bd2 Qe7 5. Bg2 Nc6 6. Nf3 Bxd2+ 7. Nbxd2 d6 8. 0-0 0-0 9. Rc1 e5 10. d5 Nb8 11. Ne1 Nbd7 12. e4 a5 13. b3 Nc5 14. a3 Bg4 15. f3 Bd7 16. Qc2 Ra7 17. b4 axb4 18. axb4 Na6 19. Nd3 Rfa8 20. Rfe1 Nb8 21. Rb1 h5 22. f4 h4 23. fxe5 dxe5 24. gxh4 Bg4 25. h3 Bh5 26. c5 Nbd7 27. Nc4 Bg6 28. Qc3 Nh5 29. Ncxe5 Nxe5 30. Qxe5 Qxh4 31. Ra1 Ra2 32. d6 cxd6 33. cxd6 Rxg2+ 34. Kxg2 Rxa1 35. Rxa1 Bxe4+ 36. Kg1 Bxd3 37. d7 Kh7 38. d8Q Qxd8 39. Qxh5+ Kg8 40. Qe5 Qb6+ 41. Kg2 Qc6+ 42. Kg3 Qg6+ 43. Kf3 Be4+ 44. Ke3 f5 45. Ra8+ Kh7 46. Qf4 Qg1+ 47. Kd2 Qd4+ 48. Ke2 Bd3+ 49. Kf3 Be4+ 50. Ke2 Bd3+ 51. Kf3 Be2+ 52. Kg3 Qg1+ 53. Kh4 Qe1+ 54. Qg3 1/2-1/2

[Event "Begonia op 58th"]
[Site "Ballarat"]
[Date "2024.03.10"]
[Round "5"]
[White "Cannon, David"]
[Black "Tang, Terrence"]
[Result "1-0"]
[WhiteElo "2185"]
[BlackElo "1942"]
[PlyCount "69"]
[EventDate "2024.03.09"]
[EventType "swiss"]
[EventRounds "7"]
[EventCountry "AUS"]
[SourceTitle "CB11_2024"]
[SourceDate "2024.03.13"]
[SourceVersion "1"]
[SourceVersionDate "2024.03.13"]
[SourceQuality "1"]

1. d4 Nf6 2. c4 g6 3. Nc3 Bg7 4. e4 d6 5. h3 0-0 6. Be3 e5 7. d5 Nbd7 8. g4 Nc5 9. f3 c6 10. Qd2 cxd5 11. cxd5 Ne8 12. 0-0-0 Qa5 13. Kb1 Bd7 14. h4 Na4 15. Nge2 Nxc3+ 16. Nxc3 f5 17. gxf5 gxf5 18. Bh3 Qd8 19. Bg5 Qb6 20. Rhg1 Rf7 21. h5 Kf8 22. h6 Bh8 23. Be3 Qc7 24. Qg2 Nf6 25. exf5 Ke7 26. Bg5 Raf8 27. Rc1 Qa5 28. f4 Ke8 29. fxe5 dxe5 30. Rge1 Ng8 31. Ne4 Qa6 32. Nc5 Qb6 33. Ne6 Rxf5 34. Bxf5 Rxf5 35. Bd8 1-0

[Event "Titled Tuesday intern op 06th Feb Late"]
[Site "Chess.com INT"]
[Date "2024.02.06"]
[Round "4"]
[White "Cannon, David"]
[Black "Guzman Lozano, Campo Elias"]
[Result "0-1"]
[WhiteElo "2185"]
[BlackElo "1837"]
[PlyCount "76"]
[EventDate "2024.02.06"]
[EventType "swiss (blitz)"]
[EventRounds "11"]
[EventCountry "USA"]
[SourceTitle "CB07_2024"]
[SourceDate "2024.02.14"]
[SourceVersion "1"]
[SourceVersionDate "2024.02.14"]
[SourceQuality "1"]

1. d4 e6 2. c4 Nf6 3. Nf3 b6 4. g3 Bb7 5. Bg2 c5 6. 0-0 cxd4 7. Qxd4 Nc6 8. Qd3 Be7 9. Nc3 0-0 10. a3 Rc8 11. b3 Na5 12. Qc2 d5 13. Ne5 dxc4 14. Bxb7 Nxb7 15. Nxc4 Nd5 16. Bb2 b5 17. Nxb5 Na5 18. Rfd1 a6 19. Nd4 Nxc4 20. bxc4 Qb6 21. Rab1 Qa7 22. Qd3 Nf6 23. e3 Rfd8 24. Qe2 Qa8 25. Rbc1 Ne4 26. Nf3 Nc5 27. Bc3 Na4 28. Bb4 Bf6 29. Rxd8+ Rxd8 30. Qc2 Qxf3 31. Qxa4 h5 32. Qc2 h4 33. gxh4 Bxh4 34. Qc3 Qxf2+ 35. Kh1 Qf3+ 36. Kg1 Bf2+ 37. Kf1 Bxe3+ 38. Ke1 Qf2# 0-1

[Event "Titled Tuesday intern op 06th Feb Late"]
[Site "Chess.com INT"]
[Date "2024.02.06"]
[Round "1"]
[White "Cannon, David"]
[Black "Yeletsky, Ivan"]
[Result "0-1"]
[WhiteElo "2185"]
[BlackElo "2504"]
[PlyCount "122"]
[EventDate "2024.02.06"]
[EventType "swiss (blitz)"]
[EventRounds "11"]
[EventCountry "USA"]
[SourceTitle "CB07_2024"]
[SourceDate "2024.02.14"]
[SourceVersion "1"]
[SourceVersionDate "2024.02.14"]
[SourceQuality "1"]

1. d4 d5 2. c4 c6 3. Nf3 Nf6 4. e3 g6 5. Be2 Bg7 6. 0-0 0-0 7. b3 a5 8. Nc3 Bf5 9. Bb2 Ne4 10. Nxe4 Bxe4 11. a3 Bxf3 12. Bxf3 e6 13. e4 dxe4 14. Bxe4 Ra7 15. Qd2 b6 16. Rad1 Rd7 17. Bf3 Bxd4 18. Bxd4 c5 19. Qh6 cxd4 20. h4 Na6 21. h5 Qf6 22. hxg6 hxg6 23. Rd2 Rfd8 24. Rfd1 Nc5 25. b4 axb4 26. axb4 Na6 27. b5 Nc5 28. Bc6 Rd6 29. g3 d3 30. Kg2 Nb3 31. Ra2 d2 32. Qe3 Rd3 33. Qxb6 Nd4 34. Raxd2 Rxd2 35. Rxd2 Nxc6 36. Rxd8+ Nxd8 37. c5 Qd4 38. Qc7 Qd5+ 39. Kh2 Qd2 40. Kg2 Qd5+ 41. Kg1 Kg7 42. b6 Nc6 43. b7 Qd1+ 44. Kg2 Qd5+ 45. Kh2 Qxc5 46. b8Q Qxf2+ 47. Kh3 Nxb8 48. Qxb8 Qf1+ 49. Kh2 Qf6 50. Kh3 e5 51. Qb4 Qe6+ 52. Kg2 Qf5 53. Kh2 e4 54. Kg2 Qf3+ 55. Kh3 e3 56. Qd4+ Kg8 57. Qd8+ Kh7 58. Qh4+ Qh5 59. Kg2 Qxh4 60. gxh4 f5 61. Kf3 f4 0-1

[Event "Doeberl Cup"]
[Site "Canberra"]
[Date "2023.04.09"]
[Round "7"]
[White "Cannon, David"]
[Black "Lane, Gary William"]
[Result "1/2-1/2"]
[WhiteElo "2114"]
[BlackElo "2361"]
[PlyCount "129"]
[EventDate "2023.04.06"]
[EventType "swiss"]
[EventRounds "9"]
[EventCountry "AUS"]
[SourceTitle "CBM 213 Extra"]
[Source "ChessBase"]
[SourceDate "2023.05.31"]
[SourceVersion "1"]
[SourceVersionDate "2023.05.31"]
[SourceQuality "1"]

1. d4 d5 2. c4 c6 3. Nf3 Nf6 4. e3 e6 5. b3 Nbd7 6. Bd3 Ne4 7. 0-0 f5 8. Ne5 Qh4 9. f3 Nxe5 10. dxe5 Nc5 11. Be2 Nd7 12. f4 Bc5 13. Nc3 Qe7 14. Na4 Bb4 15. a3 Ba5 16. b4 Bc7 17. Nc3 0-0 18. Qb3 a5 19. Rb1 Kh8 20. Kh1 g5 21. Bb2 g4 22. cxd5 exd5 23. Rbd1 h5 24. Bd3 Bb6 25. e4 fxe4 26. Nxe4 dxe4 27. Bxe4 Bc7 28. Rxd7 Bxd7 29. e6+ Kg8 30. exd7+ Rf7 31. Bg6 Qxd7 32. Bxh5 Qd5 33. Bxf7+ Kxf7 34. Qc2 Qh5 35. Be5 Bxe5 36. fxe5+ Kg7 37. Qc3 axb4 38. axb4 Qg5 39. e6+ Kg8 40. Qc4 Kh8 41. e7 Qxe7 42. Qxg4 Qg7 43. Qh5+ Kg8 44. Qf3 Ra1 45. h3 Rxf1+ 46. Qxf1 Qd4 47. Qe1 b6 48. Qe6+ Kg7 49. Qxc6 Qxb4 50. Qd7+ Kg6 51. Qe6+ Kg7 52. Qe5+ Kg6 53. g4 b5 54. Qf5+ Kg7 55. Qe5+ Kg6 56. Qf5+ Kg7 57. g5 Qb2 58. h4 b4 59. h5 Qc1+ 60. Kg2 Qd2+ 61. Kg3 Qe1+ 62. Kh3 Qh1+ 63. Kg4 Qg2+ 64. Kh4 Qh2+ 65. Kg4 1/2-1/2

[Event "Titled Tuesday intern op 16th Aug Early"]
[Site "Chess.com INT"]
[Date "2022.08.16"]
[Round "6"]
[White "Cannon, David"]
[Black "Ginzburg, Yakov"]
[Result "1-0"]
[WhiteElo "2137"]
[BlackElo "2405"]
[PlyCount "27"]
[EventDate "2022.08.16"]
[EventType "swiss (blitz)"]
[EventRounds "11"]
[EventCountry "USA"]
[SourceTitle "EXT 2023"]
[Source "ChessBase"]
[SourceDate "2022.10.05"]
[SourceVersion "1"]
[SourceVersionDate "2022.10.05"]
[SourceQuality "1"]

1. d4 Nf6 2. c4 e5 3. dxe5 Ng4 4. Bf4 Nc6 5. Nf3 Bc5 6. e3 Qe7 7. Nc3 0-0 8. Nd5 Bb4+ 9. Ke2 Qc5 10. Rc1 b5 11. h3 Nh6 12. Bxh6 gxh6 13. Nf6+ Kh8 14. Qd3 1-0

[Event "Titled Tuesday intern op 16th Aug Early"]
[Site "Chess.com INT"]
[Date "2022.08.16"]
[Round "7"]
[White "Cannon, David"]
[Black "Pastar, Slaven"]
[Result "0-1"]
[WhiteElo "2137"]
[BlackElo "2358"]
[PlyCount "84"]
[EventDate "2022.08.16"]
[EventType "swiss (blitz)"]
[EventRounds "11"]
[EventCountry "USA"]
[SourceTitle "EXT 2023"]
[Source "ChessBase"]
[SourceDate "2022.10.05"]
[SourceVersion "1"]
[SourceVersionDate "2022.10.05"]
[SourceQuality "1"]

1. d4 b6 2. e4 Bb7 3. Bd3 Nf6 4. Qe2 e6 5. f4 d5 6. e5 Ne4 7. Nd2 Qh4+ 8. g3 Nxg3 9. hxg3 Qxh1 10. Ndf3 Nc6 11. c3 0-0-0 12. Be3 Qh5 13. 0-0-0 f5 14. Qg2 h6 15. Kc2 Be7 16. Ne2 g5 17. Rh1 Qg6 18. g4 Rhg8 19. Rh5 gxf4 20. Nxf4 Qxg4 21. Qf2 Qg3 22. Nxe6 Qxf2+ 23. Bxf2 Rg2 24. Rh2 Rdg8 25. Bxf5 Kb8 26. Bh3 Rxh2 27. Nxh2 Bc8 28. Kd3 Bxe6 29. Bxe6 Rg2 30. Ng4 Nd8 31. Ke2 Nxe6 32. Kf3 Rxg4 33. Kxg4 Kc8 34. Kf5 Kd7 35. Kg6 Bg5 36. b3 c5 37. c4 cxd4 38. cxd5 d3 39. Kf7 Nd8+ 40. Kf8 d2 41. e6+ Nxe6+ 42. dxe6+ Kxe6 0-1

[Event "Titled Tuesday intern op 16th Aug Early"]
[Site "Chess.com INT"]
[Date "2022.08.16"]
[Round "2"]
[White "Cannon, David"]
[Black "Skliarov, Viktor"]
[Result "0-1"]
[WhiteElo "2137"]
[BlackElo "2384"]
[PlyCount "60"]
[EventDate "2022.08.16"]
[EventType "swiss (blitz)"]
[EventRounds "11"]
[EventCountry "USA"]
[SourceTitle "EXT 2023"]
[Source "ChessBase"]
[SourceDate "2022.10.05"]
[SourceVersion "1"]
[SourceVersionDate "2022.10.05"]
[SourceQuality "1"]

1. d4 Nf6 2. c4 e6 3. Nf3 b6 4. g3 Bb7 5. Bg2 Be7 6. 0-0 0-0 7. Nc3 Ne4 8. Qc2 Nxc3 9. Qxc3 d6 10. b3 Nd7 11. Bb2 Nf6 12. Nd2 Bxg2 13. Kxg2 a5 14. e4 Qc8 15. f4 Qb7 16. Rae1 d5 17. cxd5 exd5 18. e5 Ne4 19. Nxe4 dxe4 20. f5 Bb4 21. Qe3 Bxe1 22. f6 Bd2 23. Qe2 Bh6 24. g4 e3+ 25. Kg1 Qe4 26. h4 Rfd8 27. g5 Qxh4 28. gxh6 Qxh6 29. fxg7 Rd7 30. Qg4 Qxg7 0-1

[Event "Titled Tuesday intern op 16th Aug Early"]
[Site "Chess.com INT"]
[Date "2022.08.16"]
[Round "8"]
[White "Martic, Ivan"]
[Black "Cannon, David"]
[Result "1-0"]
[WhiteElo "2264"]
[BlackElo "2137"]
[PlyCount "55"]
[EventDate "2022.08.16"]
[EventType "swiss (blitz)"]
[EventRounds "11"]
[EventCountry "USA"]
[SourceTitle "EXT 2023"]
[Source "ChessBase"]
[SourceDate "2022.10.05"]
[SourceVersion "1"]
[SourceVersionDate "2022.10.05"]
[SourceQuality "1"]

1. d4 d5 2. Nf3 Nf6 3. e3 c5 4. b3 b6 5. Bb2 Bb7 6. Bb5+ Nbd7 7. 0-0 e6 8. a4 Bd6 9. Ne5 0-0 10. f4 a6 11. Bd3 cxd4 12. exd4 Rc8 13. Qe2 Ne4 14. Nd2 f5 15. Ndf3 Ndf6 16. Rac1 Bb4 17. Bxa6 Bxa6 18. Qxa6 Bd6 19. c4 Bxe5 20. dxe5 Nd7 21. cxd5 Ndc5 22. Qc4 exd5 23. Qb5 Qe7 24. Nd4 h6 25. Ba3 Kh7 26. Qxb6 Rb8 27. Bxc5 Qh4 28. Qa7 1-0

[Event "Titled Tuesday intern op 02nd Aug Early"]
[Site "Chess.com INT"]
[Date "2022.08.02"]
[Round "4"]
[White "Lakshmi, Chidambaram"]
[Black "Cannon, David"]
[Result "1-0"]
[WhiteElo "1959"]
[BlackElo "2137"]
[PlyCount "55"]
[EventDate "2022.08.02"]
[EventType "swiss (blitz)"]
[EventRounds "11"]
[EventCountry "USA"]
[SourceTitle "EXT 2023"]
[Source "ChessBase"]
[SourceDate "2022.10.05"]
[SourceVersion "1"]
[SourceVersionDate "2022.10.05"]
[SourceQuality "1"]

1. e4 c5 2. Nf3 e6 3. d4 cxd4 4. Nxd4 Nf6 5. Nc3 Nc6 6. Be2 Bb4 7. Nxc6 bxc6 8. e5 Nd5 9. Bd2 Qc7 10. Nxd5 Bxd2+ 11. Qxd2 cxd5 12. f4 0-0 13. 0-0 d6 14. exd6 Qxd6 15. Kh1 Ba6 16. c4 Rfd8 17. c5 Qc6 18. b4 Bxe2 19. Qxe2 a5 20. a3 Qa4 21. b5 d4 22. Qd3 Rab8 23. Rab1 Rd5 24. Rfc1 Rc8 25. Rc4 Rdxc5 26. Rxa4 Rc1+ 27. Qd1 Rxd1+ 28. Rxd1 1-0

[Event "Titled Tuesday intern op 29th Mar Early"]
[Site "Chess.com INT"]
[Date "2022.03.29"]
[Round "3"]
[White "Cannon, David"]
[Black "Sapunov, Evgeny"]
[Result "0-1"]
[WhiteElo "2143"]
[BlackElo "2461"]
[PlyCount "92"]
[EventDate "2022.03.29"]
[EventType "swiss (blitz)"]
[EventRounds "11"]
[EventCountry "USA"]
[SourceTitle "CBM 207 Extra"]
[Source "ChessBase"]
[SourceDate "2022.05.31"]
[SourceVersion "1"]
[SourceVersionDate "2022.05.31"]
[SourceQuality "1"]

1. e4 c5 2. Nf3 d6 3. c3 Nf6 4. Bd3 Nc6 5. 0-0 Bg4 6. h3 Bxf3 7. Qxf3 g6 8. Bc2 Bg7 9. Qd1 Nd7 10. d3 0-0 11. Nd2 b5 12. Nf3 b4 13. Bd2 Qb6 14. Rb1 Nde5 15. Nxe5 Bxe5 16. f4 Bg7 17. Kh1 Rab8 18. Qe2 Qa5 19. cxb4 cxb4 20. a3 Qb6 21. axb4 Nxb4 22. Bc3 Nc6 23. Ra1 Qc5 24. Qd2 Rfc8 25. Rfc1 Nd4 26. Bd1 Qb6 27. Qe3 Rc7 28. Kh2 Rbc8 29. Ra4 Nb5 30. Qxb6 axb6 31. Rb4 Nxc3 32. bxc3 Bxc3 33. Rxb6 Bd2 34. Rxc7 Rxc7 35. g3 Rc1 36. Bf3 Rc2 37. Bg2 Rc3 38. Bf1 Be1 39. Kg2 Rc2+ 40. Kf3 Rf2+ 41. Ke3 Rxf1 42. Rb7 Kf8 43. Rb8+ Kg7 44. Rb7 Kf6 45. f5 Bxg3 46. Ke2 Rf2+ 0-1

[Event "Australian op"]
[Site "Melbourne"]
[Date "2018.12.29"]
[Round "5"]
[White "Chow, Samuel"]
[Black "Cannon, David"]
[Result "1-0"]
[WhiteElo "2331"]
[BlackElo "2052"]
[PlyCount "55"]
[EventDate "2018.12.27"]
[EventType "swiss"]
[EventRounds "9"]
[EventCountry "AUS"]
[SourceTitle "CBM 188 Extra"]
[Source "ChessBase"]
[SourceDate "2019.02.26"]
[SourceVersion "1"]
[SourceVersionDate "2019.02.26"]
[SourceQuality "1"]

1. Nf3 Nf6 2. c4 g6 3. Nc3 Bg7 4. g3 0-0 5. Bg2 d6 6. 0-0 a6 7. Rb1 e5 8. d3 h6 9. b4 Nh5 10. e4 Be6 11. a4 Qc8 12. b5 b6 13. Nd5 Kh7 14. d4 axb5 15. axb5 exd4 16. Nxd4 Nd7 17. f4 Bxd5 18. cxd5 Re8 19. Nc6 Nc5 20. Qc2 Nf6 21. e5 Ng8 22. Be3 Nb7 23. Be4 Qg4 24. Kg2 dxe5 25. fxe5 Ra3 26. Rf4 Qh5 27. Bf3 Qg5 28. h4 1-0

[Event "Doeberl Cup 56th"]
[Site "Canberra"]
[Date "2018.04.02"]
[Round "9"]
[White "Cannon, David"]
[Black "Jiang, Zhaoyi"]
[Result "1-0"]
[WhiteElo "2159"]
[BlackElo "2011"]
[PlyCount "81"]
[EventDate "2018.03.29"]
[EventType "swiss"]
[EventRounds "9"]
[EventCountry "AUS"]
[SourceTitle "EXT 2023"]
[Source "ChessBase"]
[SourceDate "2022.10.05"]
[SourceVersion "1"]
[SourceVersionDate "2022.10.05"]
[SourceQuality "1"]

1. b4 e6 2. Bb2 Nf6 3. b5 d5 4. Nf3 Be7 5. e3 a6 6. a4 0-0 7. Be2 c5 8. 0-0 Nbd7 9. c4 b6 10. d3 Bb7 11. Nbd2 Qc7 12. Rc1 Rfd8 13. Qb3 a5 14. d4 Rac8 15. Qa2 Qb8 16. Rfd1 Qa8 17. dxc5 Nxc5 18. Ne5 Nfd7 19. Bf1 Bf6 20. Nxd7 Nxd7 21. Bxf6 Nxf6 22. Qa3 Nd7 23. Nb3 dxc4 24. Rxc4 Rxc4 25. Bxc4 Ne5 26. Rxd8+ Qxd8 27. Bf1 h6 28. Nd4 Qc7 29. h3 Bd5 30. Be2 Qb7 31. Qd6 Ng6 32. Nc6 Be4 33. Bh5 Kh7 34. f3 Bc2 35. Bxg6+ Kxg6 36. Ne7+ Kf6 37. e4 Bxa4 38. e5+ Kg5 39. Qd2+ Kh5 40. g4+ Kh4 41. Qf2+ 1-0

[Event "Doeberl Cup 56th"]
[Site "Canberra"]
[Date "2018.03.30"]
[Round "4"]
[White "Brown, Andrew"]
[Black "Cannon, David"]
[Result "1-0"]
[WhiteElo "2278"]
[BlackElo "2159"]
[PlyCount "283"]
[EventDate "2018.03.29"]
[EventType "swiss"]
[EventRounds "9"]
[EventCountry "AUS"]
[SourceTitle "CBM 187 Extra"]
[Source "ChessBase"]
[SourceDate "2018.11.04"]
[SourceVersion "1"]
[SourceVersionDate "2018.11.04"]
[SourceQuality "1"]

1. Nf3 Nf6 2. c4 g6 3. Nc3 Bg7 4. e4 d6 5. d4 0-0 6. Be2 e5 7. Be3 exd4 8. Nxd4 Re8 9. f3 c6 10. 0-0 d5 11. cxd5 cxd5 12. Bb5 Bd7 13. Bxd7 Qxd7 14. Qb3 dxe4 15. Rad1 exf3 16. Rxf3 Ng4 17. Ndb5 Qe7 18. Nd5 Qe5 19. Bf4 Qe2 20. Ndc3 Bxc3 21. Nxc3 Qe6 22. Qxe6 fxe6 23. h3 e5 24. hxg4 exf4 25. Nd5 Nd7 26. Nc7 Ne5 27. Rff1 g5 28. Nxa8 Rxa8 29. Rd5 Re8 30. g3 f3 31. Rd4 Kf7 32. Rc1 Re7 33. Rc3 Kf6 34. Kf2 Rf7 35. Re3 Re7 36. Rde4 Re6 37. b3 Re7 38. a3 Re6 39. a4 b6 40. b4 a6 41. b5 axb5 42. axb5 Re7 43. Ra4 Re6 44. Rc3 h6 45. Rc7 Kg6 46. Rc3 Rf6 47. Rc1 Re6 48. Re1 Kf6 49. Rd1 Ke7 50. Kf1 Kf6 51. Re4 Ke7 52. Kf2 Kf6 53. Rdd4 Ke7 54. Rd2 Kf6 55. Rd5 Nd3+ 56. Ke3 Ne5 57. Kf2 Nd3+ 58. Kxf3 Ne1+ 59. Ke3 Nc2+ 60. Kf3 Ne1+ 61. Rxe1 Rxe1 62. Rd6+ Re6 63. Rxe6+ Kxe6 64. Ke4 Kd6 65. Kd4 Ke6 66. Ke4 Kd6 67. Kf5 Kc5 68. Kg6 Kxb5 69. Kxh6 Ka4 70. Kxg5 b5 71. Kf6 b4 72. g5 b3 73. g6 b2 74. g7 b1Q 75. g8Q Qb2+ 76. Kg5 Qd2+ 77. Kg4 Ka3 78. Qf8+ Ka2 79. Qf7+ Ka1 80. Qf6+ Ka2 81. Qe6+ Ka1 82. Qe5+ Ka2 83. Kf5 Qd3+ 84. Kg5 Qd8+ 85. Kh5 Qd1+ 86. g4 Qf3 87. Qe6+ Kb2 88. Kg6 Qh3 89. Qe5+ Kc1 90. Qf4+ Kd1 91. Qd4+ Kc1 92. g5 Qc8 93. Qg1+ Kb2 94. Qg2+ Kc1 95. Qf1+ Kb2 96. Qf5 Qg8+ 97. Kh6 Qh8+ 98. Qh7 Qc8 99. Qg7+ Kc1 100. Qa1+ Kc2 101. Qa2+ Kc1 102. Qa3+ Kc2 103. Qa4+ Kc1 104. Qf4+ Kc2 105. Qe4+ Kc1 106. Qf4+ Kc2 107. g6 Qh8+ 108. Kg5 Qd8+ 109. Kh5 Qd5+ 110. Kh6 Qe6 111. Kh7 Qh3+ 112. Qh6 Qf5 113. Qh2+ Kb1 114. Qb8+ Ka1 115. Qa7+ Kb1 116. Qb6+ Ka1 117. Qa6+ Kb1 118. Qd6 Ka1 119. Kg8 Qc8+ 120. Kf7 Qc4+ 121. Ke7 Qe4+ 122. Qe6 Qb4+ 123. Kf7 Qb7+ 124. Kg8 Qb8+ 125. Kg7 Qc7+ 126. Qf7 Qc8 127. Qf6+ Kb1 128. Qf1+ Kb2 129. Kh7 Qc2 130. Qf6+ Kb1 131. Qd6 Qf5 132. Kh6 Qh3+ 133. Kg5 Qg2+ 134. Kf5 Qf3+ 135. Ke5 Qg3+ 136. Kd5 Qd3+ 137. Kc5 Qa3+ 138. Kc6 Qa6+ 139. Kc7 Qa7+ 140. Kc8 Qg7 141. Qb8+ Ka2 142. Qa8+ 1-0

[Event "Doeberl Cup 56th"]
[Site "Canberra"]
[Date "2018.03.29"]
[Round "2"]
[White "Sukandar, Irine Kharisma"]
[Black "Cannon, David"]
[Result "1-0"]
[WhiteElo "2408"]
[BlackElo "2159"]
[PlyCount "61"]
[EventDate "2018.03.29"]
[EventType "swiss"]
[EventRounds "9"]
[EventCountry "AUS"]
[SourceTitle "CBM 187 Extra"]
[Source "ChessBase"]
[SourceDate "2018.11.04"]
[SourceVersion "1"]
[SourceVersionDate "2018.11.04"]
[SourceQuality "1"]

1. e4 c5 2. Nf3 e6 3. d4 cxd4 4. Nxd4 Nf6 5. Bd3 Nc6 6. Nxc6 bxc6 7. 0-0 d5 8. Nd2 Be7 9. Qe2 0-0 10. b3 Nd7 11. Bb2 Re8 12. Rfd1 Nc5 13. Nf3 Qc7 14. Rac1 a5 15. Qe3 Bb7 16. Be5 Qc8 17. c4 dxe4 18. Bxe4 Nxe4 19. Qxe4 c5 20. Qg4 Bf8 21. Rc3 Rd8 22. Re1 Qc6 23. Bf6 Rd6 24. Nh4 a4 25. Rg3 g6 26. Nf3 axb3 27. axb3 Rd3 28. Qh4 Rxb3 29. Ne5 Qb6 30. Ng4 Rb1 31. Qxh7+ 1-0

[Event "Begonia op 52nd"]
[Site "Ballarat"]
[Date "2018.03.11"]
[Round "3"]
[White "Cannon, David"]
[Black "Cook, Patrick"]
[Result "1-0"]
[WhiteElo "2159"]
[BlackElo "1640"]
[PlyCount "47"]
[EventDate "2018.03.10"]
[EventType "swiss"]
[EventRounds "7"]
[EventCountry "AUS"]
[SourceTitle "EXT 2019"]
[Source "ChessBase"]
[SourceDate "2018.10.10"]
[SourceVersion "1"]
[SourceVersionDate "2018.10.10"]
[SourceQuality "1"]

1. e4 e6 2. d4 d5 3. Nd2 c5 4. exd5 Qxd5 5. Ngf3 cxd4 6. Bc4 Qd6 7. 0-0 Nf6 8. Nb3 Nc6 9. Nbxd4 Nxd4 10. Nxd4 a6 11. Re1 Qc7 12. Bb3 Bd6 13. Nf5 Bxh2+ 14. Kh1 0-0 15. Nxg7 Kxg7 16. Qd4 Rd8 17. Bh6+ Kg6 18. Qh4 Qc5 19. c3 Qh5 20. Bc2+ Ne4 21. Rxe4 f5 22. Rg4+ Kxh6 23. Qf6+ Qg6 24. Rh4# 1-0

[Event "World ol U16"]
[Site "Poprad"]
[Date "2016.07.28"]
[Round "8.2"]
[White "Bohus, Adam"]
[Black "Cannon, David"]
[Result "1/2-1/2"]
[WhiteElo "2200"]
[BlackElo "2093"]
[PlyCount "93"]
[EventDate "2016.07.22"]
[EventType "team-swiss"]
[EventRounds "9"]
[EventCountry "SVK"]
[SourceTitle "EXT 2017"]
[Source "ChessBase"]
[SourceDate "2016.10.25"]
[SourceVersion "1"]
[SourceVersionDate "2016.10.25"]
[SourceQuality "1"]
[WhiteTeam "Hungary II"]
[BlackTeam "Australia"]
[WhiteTeamCountry "HUN"]
[BlackTeamCountry "AUS"]

1. d4 Nf6 2. c4 c5 3. d5 e5 4. Nc3 d6 5. e4 Be7 6. g3 0-0 7. Bg2 Nbd7 8. Nge2 Ne8 9. 0-0 a6 10. a4 b6 11. Be3 Rb8 12. Qd3 Bg5 13. f4 exf4 14. gxf4 Bh6 15. Ng3 g6 16. Rae1 Nc7 17. Bd2 Bg7 18. e5 dxe5 19. f5 Ne8 20. Nce4 b5 21. Bg5 f6 22. Be3 bxc4 23. Qxc4 Rxb2 24. d6+ Kh8 25. fxg6 hxg6 26. Nxc5 Nxc5 27. Bxc5 Rxg2+ 28. Kxg2 Bb7+ 29. Kg1 Qd7 30. Rb1 Qc6 31. Rf2 Qd7 32. Rfb2 Bc6 33. Rb8 Kh7 34. Qxa6 Nxd6 35. Qd3 Rxb8 36. Rxb8 Qh3 37. Qf1 Qe6 38. Bxd6 Qxd6 39. Qh3+ Bh6 40. Rh8+ Kxh8 41. Qxh6+ Kg8 42. Qxg6+ Kf8 43. Qh6+ Ke8 44. Qg6+ Kd7 45. Qh7+ Kc8 46. Qg8+ Kb7 47. Qb3+ 1/2-1/2

[Event "Begonia op 49th"]
[Site "Ballarat"]
[Date "2015.03.07"]
[Round "7"]
[White "Skiotis, Pano"]
[Black "Cannon, David"]
[Result "1-0"]
[WhiteElo "2151"]
[BlackElo "1917"]
[PlyCount "67"]
[EventDate "2015.03.07"]
[EventType "swiss"]
[EventRounds "7"]
[EventCountry "AUS"]
[SourceTitle "EXT 2019"]
[Source "ChessBase"]
[SourceDate "2018.10.10"]
[SourceVersion "1"]
[SourceVersionDate "2018.10.10"]
[SourceQuality "1"]

1. d4 Nf6 2. Nf3 g6 3. c4 Bg7 4. Nc3 d6 5. e4 0-0 6. Be2 e5 7. 0-0 Nc6 8. d5 Ne7 9. b4 Ne8 10. c5 h6 11. Nd2 f5 12. f3 f4 13. Nc4 g5 14. a4 Ng6 15. Ba3 Rf7 16. a5 Bf8 17. Na4 Nf6 18. b5 h5 19. b6 g4 20. bxc7 Rxc7 21. Nxd6 Bxd6 22. cxd6 Rg7 23. Nc5 Nf8 24. Bc4 Qe8 25. Kh1 b6 26. axb6 axb6 27. Nd3 g3 28. Bb2 Rxa1 29. Qxa1 Ng4 30. Bxe5 Qd8 31. Bxg7 Qh4 32. h3 Ne5 33. Bf6 Qxf6 34. Qxe5 1-0

[Event "Begonia op 49th"]
[Site "Ballarat"]
[Date "2015.03.07"]
[Round "5"]
[White "Stojic, Dusan"]
[Black "Cannon, David"]
[Result "1-0"]
[WhiteElo "2135"]
[BlackElo "1917"]
[PlyCount "79"]
[EventDate "2015.03.07"]
[EventType "swiss"]
[EventRounds "7"]
[EventCountry "AUS"]
[SourceTitle "EXT 2019"]
[Source "ChessBase"]
[SourceDate "2018.10.10"]
[SourceVersion "1"]
[SourceVersionDate "2018.10.10"]
[SourceQuality "1"]

1. Nf3 Nf6 2. c4 c5 3. g3 g6 4. Bg2 Bg7 5. Nc3 0-0 6. d4 cxd4 7. Nxd4 Nc6 8. 0-0 Qb6 9. Nb3 d6 10. Be3 Qd8 11. c5 Ng4 12. Bf4 e5 13. Bd2 dxc5 14. Nxc5 Qe7 15. N5e4 Rd8 16. Qc1 Be6 17. h3 Nf6 18. Bg5 Rac8 19. f4 Nd4 20. fxe5 Nxe2+ 21. Nxe2 Rxc1 22. Raxc1 Qb4 23. Nxf6+ Bxf6 24. Bxf6 Re8 25. b3 Bd7 26. Rf2 Qa5 27. Nf4 Bc6 28. Bxc6 bxc6 29. Rd1 Qc3 30. Kh2 h6 31. Rfd2 g5 32. Rd3 Qc5 33. Ng2 Kh7 34. Rd8 Rxe5 35. Bxe5 Qxe5 36. R1d2 h5 37. h4 f6 38. Rf2 Qe7 39. Rd3 Kg7 40. Rdf3 1-0

[Event "Begonia op 48th"]
[Site "Ballarat"]
[Date "2014.03.08"]
[Round "6"]
[White "Cannon, David"]
[Black "Sandler, Leonid"]
[Result "0-1"]
[WhiteElo "1582"]
[BlackElo "2272"]
[PlyCount "78"]
[EventDate "2014.03.08"]
[EventType "swiss"]
[EventRounds "7"]
[EventCountry "AUS"]
[SourceTitle "EXT 2023"]
[Source "ChessBase"]
[SourceDate "2022.10.05"]
[SourceVersion "1"]
[SourceVersionDate "2022.10.05"]
[SourceQuality "1"]

1. e4 c5 2. Nf3 e6 3. d4 cxd4 4. Nxd4 Nc6 5. Be3 Nf6 6. Bd3 d5 7. Nxc6 bxc6 8. e5 Nd7 9. f4 Ba6 10. 0-0 Bxd3 11. Qxd3 Be7 12. Nd2 0-0 13. Rad1 Qc7 14. b3 a5 15. a4 Rab8 16. Nb1 Rb4 17. Bd2 Nc5 18. Qf3 Rbb8 19. Qc3 Ne4 20. Qf3 f6 21. exf6 Rxf6 22. Nc3 Nxd2 23. Rxd2 Rbf8 24. Ne2 e5 25. g3 Bd6 26. Rdd1 exf4 27. g4 Re6 28. Nd4 Bc5 29. Kh1 Re3 30. Qf2 Bxd4 31. Rxd4 g5 32. c4 Qe5 33. Rd2 d4 34. c5 Qxc5 35. Rfd1 Qd5+ 36. Kg1 c5 37. Re1 Rfe8 38. Red1 Qxb3 39. Rb2 Qxd1+ 0-1